| 000 | 00661nam a22002177a 4500 | ||
|---|---|---|---|
| 003 | AR-RoUNCS | ||
| 005 | 20251128155702.0 | ||
| 008 | 251128t2011 sp ao|||r|||| 00| 0 spa d | ||
| 020 | _a978-987-522-965-5 | ||
| 040 |
_aAR-RoUNCS _cAR-RoUNCS |
||
| 080 | _07:069 | ||
| 245 | 0 | 0 |
_aMuseo Victoria & Albert : _bLondres. |
| 250 | _a1a ed. | ||
| 260 |
_aBuenos Aires : _bVisor, _c2011. |
||
| 300 |
_a96 p. : _bfot. col ; _c25 cm _e1 DVD (4 3/4 plg.) |
||
| 490 | 0 |
_aGrandes Museos de Europa ; _v15 |
|
| 650 | 7 |
_2embne _aMuseo Victoria & Albert (Londres) _xHistoria |
|
| 650 | 7 |
_2embne _aMuseos de arte |
|
| 655 | 7 |
_2embne _aCatálogos de exposiciones |
|
| 942 |
_2udc _cOG _n0 |
||
| 999 |
_c806 _d806 |
||